La teoría de la solidaridad en la economía política y el derecho / (Record no. 137165)

MARC details
000 -LEADER
campo de control de longitud fija 00648nam a2200193 4500
001 - NÚMERO DE CONTROL
campo de control 137165
003 - IDENTIFICADOR DE NÚMERO DE CONTROL
campo de control ES-MaACL
005 - FECHA Y HORA DE LA ÚLTIMA TRANSACCIÓN
campo de control 20230906195325.0
007 - CAMPO FIJO DE DESCRIPCIÓN FÍSICA--INFORMACIÓN GENERAL
campo de control de longitud fija t|
008 - DATOS DE LONGITUD FIJA--INFORMACIÓN GENERAL
campo de control de longitud fija 070214s1905 sp r ||||1| spa d
100 1# - ENTRADA PRINCIPAL--NOMBRE DE PERSONA
Nombre de persona Salvador-Sáenz y Carreras, Miguel.
9 (RLIN) 102099
245 13 - MENCIÓN DEL TÍTULO
Título La teoría de la solidaridad en la economía política y el derecho /
Mención de responsabilidad, etc. Miguel Salvador-Sáenz y Carreras.
260 ## - PUBLICACIÓN, DISTRIBUCIÓN, ETC.
Lugar de publicación, distribución, etc. Madrid :
Nombre del editor, distribuidor, etc. [s.n.],
Fecha de publicación, distribución, etc. 1905 (
Fabricante Imp. de San Francisco de Sales)
300 ## - DESCRIPCIÓN FÍSICA
Extensión 76 p. ;
Dimensiones 23 cm.
500 ## - NOTA GENERAL
Nota general Tesis doctoral.
650 04 - PUNTO DE ACCESO ADICIONAL DE MATERIA--TÉRMINO DE MATERIA
Término de materia o nombre geográfico como elemento de entrada Solidaridad.
9 (RLIN) 17226
852 ## - LOCALIZACIÓN
Ubicación ES-MaACL
Número de control de estantería L-4910(17-1)
Nota libre .- Donativo Roda
852 ## - LOCALIZACIÓN
Ubicación ES-MaACL
Número de control de estantería T-726-F-9
Holdings
Estatus retirado Estado de pérdida Estado de daño No para préstamo Colección Biblioteca de origen Biblioteca actual Ubicación en estantería Fecha de adquisición Fuente de adquisición Total de préstamos Signatura topográfica completa Código de barras Visto por última vez Precio de reemplazo Tipo de ítem Koha
        Colección de folletos Biblioteca del Ateneo de Madrid Biblioteca del Ateneo de Madrid Depósito folletos 17/01/2008     T-726-F-9 1142743 23/02/2023 23/02/2023 Folleto
          Biblioteca del Ateneo de Madrid Biblioteca del Ateneo de Madrid Depósito 2 17/01/2008     L-4910(17-1) 1142742 23/02/2023 23/02/2023 Libro impreso